000 00310nam a2200121 a 4500
008 100916s1978|||| d
245 1 0 _aHoluby a jastraby. Brečtan. Popol
100 1 _aDeledda, Grazia
260 _bSlovenský spisovateľ
_aBratislava
_c1978
020 _c37
044 _axo
_cSK
041 _aslo
999 _c10358
_d10358